000 00587nam a2200229Ia 4500
003 OSt
005 20220924143503.0
006 a|||||r|||| 00| 0
007 ta
008 220923b |||||||| |||| 00| 0 urd d
024 _a308516
037 _cTextual
040 _aARTS
_cARTS
_burd
041 _2urd
_aurd
082 _aO122:gv, 168N1
100 _aHussain Faakhar
_9215970
245 0 _aFrancawi adab ka aasaar
260 _c1991
650 _aFRENCH LITERATURE
_913614
942 _hO122:gv, 168N1
_cTEXL
_2CC
999 _c454672
_d454672